<?xml version="1.0" encoding="UTF-8"?>
<record
    xmlns:xsi="http://www.w3.org/2001/XMLSchema-instance"
    xsi:schemaLocation="http://www.loc.gov/MARC21/slim http://www.loc.gov/standards/marcxml/schema/MARC21slim.xsd"
    xmlns="http://www.loc.gov/MARC21/slim">

  <leader>00687nam a22001817a 4500</leader>
  <datafield tag="999" ind1=" " ind2=" ">
    <subfield code="c">7379</subfield>
    <subfield code="d">7379</subfield>
  </datafield>
  <controlfield tag="005">20211014124729.0</controlfield>
  <controlfield tag="008">211014b           ||||| |||| 00| 0 eng d</controlfield>
  <datafield tag="020" ind1=" " ind2=" ">
    <subfield code="a">9788409332007</subfield>
  </datafield>
  <datafield tag="040" ind1=" " ind2=" ">
    <subfield code="a">CDMR</subfield>
  </datafield>
  <datafield tag="100" ind1="1" ind2=" ">
    <subfield code="9">4561</subfield>
    <subfield code="a">Campo, Carlos J.</subfield>
  </datafield>
  <datafield tag="245" ind1=" " ind2=" ">
    <subfield code="a">Contenido para convencer</subfield>
    <subfield code="b">: curso general de estrategia de contenidos : 24 lecciones para la formaci&#xF3;n de estrategas de contenidos in-house</subfield>
    <subfield code="c">/ Carlos J. Campo</subfield>
  </datafield>
  <datafield tag="260" ind1=" " ind2=" ">
    <subfield code="a">[Sabadell]</subfield>
    <subfield code="b">: Estrategia del contenido</subfield>
    <subfield code="c">, 2021</subfield>
  </datafield>
  <datafield tag="300" ind1=" " ind2=" ">
    <subfield code="a">538 p&#xE0;gines</subfield>
    <subfield code="c">; 24 cm</subfield>
    <subfield code="b">: taules i gr&#xE0;fics</subfield>
  </datafield>
  <datafield tag="650" ind1=" " ind2="0">
    <subfield code="9">2798</subfield>
    <subfield code="a">Comunicaci&#xF3; en l'empresa</subfield>
  </datafield>
  <datafield tag="650" ind1=" " ind2="0">
    <subfield code="9">4329</subfield>
    <subfield code="a">Planificaci&#xF3; estrat&#xE8;gica</subfield>
  </datafield>
  <datafield tag="650" ind1=" " ind2="0">
    <subfield code="9">4161</subfield>
    <subfield code="a">M&#xE0;rqueting digital</subfield>
  </datafield>
  <datafield tag="942" ind1=" " ind2=" ">
    <subfield code="2">udc</subfield>
    <subfield code="c">MON</subfield>
  </datafield>
  <datafield tag="952" ind1=" " ind2=" ">
    <subfield code="0">0</subfield>
    <subfield code="1">0</subfield>
    <subfield code="2">udc</subfield>
    <subfield code="4">0</subfield>
    <subfield code="7">0</subfield>
    <subfield code="a">CDMR</subfield>
    <subfield code="b">CDMR</subfield>
    <subfield code="d">2021-10-14</subfield>
    <subfield code="e">Donaci&#xF3;</subfield>
    <subfield code="g">36.00</subfield>
    <subfield code="l">4</subfield>
    <subfield code="m">2</subfield>
    <subfield code="o">Cq /40</subfield>
    <subfield code="p">CDMR21100005</subfield>
    <subfield code="r">2024-11-20</subfield>
    <subfield code="s">2024-10-24</subfield>
    <subfield code="w">2021-10-14</subfield>
    <subfield code="y">MON</subfield>
  </datafield>
</record>
